|
|
|
|
| LEADER |
01131nam a2200253 a 4500 |
| 001 |
29439 |
| 003 |
BD-DhAAL |
| 008 |
150727s2015 bg b 000 0 eng d |
| 020 |
|
|
|a 9789843387912
|
| 040 |
|
|
|a BD-DhAAL
|c BD-DhAAL
|
| 082 |
0 |
0 |
|a 347.549205
|2 21
|
| 100 |
1 |
|
|a Nahid, Nahidur Rahman.
|9 13262
|
| 245 |
1 |
4 |
|a The code of civil procedure, 1908 :
|b based on recent supreme court decisions /
|c by Nahidur Rahman Nahid.
|
| 260 |
|
|
|a Kushtia, Bangladesh :
|b Gangosh,
|c 2015.
|
| 300 |
|
|
|a [8] 559 p. ;
|c 22 cm.
|
| 500 |
|
|
|a Spine title: The Code of Civil Procedure, 1908
|
| 541 |
1 |
|
|e 29439
|
| 610 |
1 |
0 |
|a Bangladesh.
|t Code of Civil Procedure.
|9 12078
|
| 650 |
|
0 |
|a Civil procedure
|z Bangladesh.
|9 12079
|
| 852 |
4 |
|
|a Ayesha Abed Library
|j General Shelf
|
| 942 |
|
|
|2 ddc
|c BK
|0 1
|
| 999 |
|
|
|c 35075
|d 35075
|
| 952 |
|
|
|0 0
|1 0
|2 ddc
|4 0
|6 347_549205000000000_NAH
|7 0
|9 54976
|a BRACUL
|b BRACUL
|c GEN
|d 2015-07-27
|l 15
|m 140
|o 347.549205 NAH
|p 3010029439
|r 2026-01-27
|s 2025-09-29
|t 1
|w 2015-07-27
|y BK
|
| 952 |
|
|
|0 0
|1 0
|2 ddc
|4 0
|6 347_549205000000000_NAH
|7 0
|9 54977
|a BRACUL
|b BRACUL
|c GEN
|d 2015-07-27
|l 13
|m 68
|o 347.549205 NAH
|p 3010029440
|r 2025-03-16
|s 2025-03-06
|t 2
|w 2015-07-27
|y BK
|